[Event "FRA-ch U16 Girls"]
[Site "Aix les Bains"]
[Date "2006.??.??"]
[Round "3"]
[White "Armas, Lara Maria"]
[Black "Auvergne, Sophie"]
[Result "1-0"]
[WhiteElo "1851"]
[BlackElo "1470"]
[PlyCount "89"]
[EventDate "2006.04.16"]
[EventType "swiss"]
[EventRounds "9"]
[EventCountry "FRA"]
[SourceTitle "EXT 2007"]
[Source "ChessBase"]
[SourceDate "2006.11.23"]
[SourceVersion "1"]
[SourceVersionDate "2006.11.23"]
[SourceQuality "1"]

1. d4 d5 2. c4 c6 3. Nc3 Nf6 4. Bg5 dxc4 5. a4 Nd5 6. e4 Nxc3 7. bxc3 b5 8. Nf3 Bg4 9. Be2 f6 10. Bf4 e6 11. Bxb8 Qxb8 12. Rb1 a6 13. Bxc4 Qd6 14. Be2 Be7 15. 0-0 0-0 16. h3 Bh5 17. Qc2 f5 18. exf5 exf5 19. Ne5 Bxe2 20. Qxe2 Bf6 21. Qa2+ Qd5 22. Qxd5+ cxd5 23. axb5 Bxe5 24. dxe5 axb5 25. Rxb5 Rfd8 26. Rd1 Rac8 27. Rbxd5 Rxd5 28. Rxd5 Rxc3 29. e6 Rc8 30. Rxf5 Re8 31. Re5 g6 32. g4 h6 33. f4 Kg7 34. f5 Kf6 35. Ra5 g5 36. Kf2 Re7 37. Ke3 Rh7 38. Ke4 h5 39. Re5 hxg4 40. hxg4 Ke7 41. Kd5 Rh6 42. Re4 Rh7 43. Ke5 Rh6 44. Rd4 Ke8 45. f6 1-0